Il cinema, l'architettura, la città

保存先:
書誌詳細
第一著者: Bertozzi, Marco (著者)
フォーマット: 図書
言語:イタリア語
出版事項: Roma Librerie Dedalo 2001
シリーズ:Università degli Studi Roma tre Biblioteca di Area della Arti
主題:
タグ: タグ追加
タグなし, このレコードへの初めてのタグを付けませんか!

MARC

LEADER 00000nam a2200000 a 4500
001 UCM2042
003 CL-VaPUC
008 020419e20010000IT |||||||||||||||||ita|d
082 0 4 |a 720.1  |b BER  |2 21 
100 0 |a Bertozzi, Marco  |e author  |9 468892 
245 1 3 |a Il cinema, l'architettura, la città 
300 |a 199 p 
942 |c BK 
945 |d 20020419 00:00:00  |a cmena 
260 |a Roma  |b Librerie Dedalo  |c 2001 
650 0 |a Arquitectura   |v Filosofía   |9 468893 
650 0 |a Planificación urbana   |9 258176 
583 |a last modification  |c 20020419 00:00:00  |k Rodrigo Vera 
490 0 |a Università degli Studi Roma tre Biblioteca di Area della Arti 
999 |c 300131  |d 300129 
952 |0 0  |1 0  |4 0  |6 720_100000000000000_BER_2001  |7 0  |8 A  |9 357463  |a BIBARQ  |b BIBARQ  |d 2019-11-21  |i 3808688  |o 720.1 BER 2001  |p 3808688  |r 2025-01-20  |w 2019-11-21  |y BK  |k ARQ